Bored - Billie Eilish - All Lyrics - Statistics

General Stats
  • This quiz has been taken 281 times
  • The average score is 252 of 281
Answer Stats
Answer % Correct
I
99%
(I
99%
I'm
99%
Bored,
98%
bored,
98%
bored
98%
bored?
98%
so
98%
you
98%
The
97%
the
97%
me
96%
me,
96%
for
95%
it
94%
what
93%
What
93%
When
93%
when
93%
you're
93%
You’re
93%
all
92%
any
92%
not
92%
say
92%
to
92%
and
91%
And
91%
Giving
91%
need
91%
need,
91%
need?
91%
need)
91%
then
91%
about
89%
afraid
89%
anymore
89%
don't
89%
makes
88%
Forget
87%
of
87%
that
87%
want
87%
door
86%
every
86%
free
86%
leave
86%
sure
86%
where
86%
walk
85%
live
84%
piece
84%
without
84%
begging
83%
set
83%
teaching
83%
Ah,
82%
ah
82%
out
82%
more
81%
never
81%
just
80%
love
79%
were
79%
but
77%
games
77%
played
77%
think
77%
can't
76%
Can’t
76%
torn
76%
see
75%
stay
75%
fun
74%
run,
74%
You’d
72%
you'd
72%
alone,
71%
getting
71%
hope
71%
fair,
69%
shit's
68%
scores
67%
afford
65%
home
65%
settled
63%
knows
57%
God
56%
No matching quizzes found
Score Distribution
Percent of People with Each Score
Percentile by Number Answered
Your Score History
You have not taken this quiz